000
00277nam a22001337a 4500
003
SGT
020
_a
8172291698
082
_a
954.034
_b
M55G
100
_a
GANDHI, M.K.
245
_a
MY RELIGION
260
_b
NAVJIVAN PUBLISHING HOUSE
_c
1955
300
_a
166
942
_2
ddc
_c
BK
999
_c
30901
_d
30901